| 000 | 01917nam a2200301 a 4500 | ||
|---|---|---|---|
| 001 | 000038170 | ||
| 003 | DO-SdBNP | ||
| 005 | 20230220130625.0 | ||
| 007 | ta | ||
| 008 | 130320s2005 dr r 000 0 spa d | ||
| 020 | _a9993462160 | ||
| 040 |
_aDO-SdBNP _bspa _cBNPHU |
||
| 082 | 4 |
_a304.8097293 _bS211m _222 |
|
| 100 | 1 |
_aSánchez, Servio, _d1962- _964539 |
|
| 245 | 1 | 3 |
_aLa migración en República Dominicana : _bun enfoque psicosocial / _cServio Sánchez. |
| 260 |
_aSanto Domingo : _bUniversitaria-UASD, _c2005. |
||
| 300 |
_a64, [2]. p. ; _c21 cm. |
||
| 490 | 1 |
_aEstudios sociales _v17 _aPublicaciones de la Universidad Autónoma de Santo Domingo _v1239 |
|
| 500 | _aIncluye datos biográficos del autor en la solapa de la contracubierta | ||
| 504 | _aBibliografía : p. 65-66 | ||
| 505 | 0 |
_aAgradecimientos -- _tPresentación -- _tIntroducción -- _gCapítulo 1 _tLa migración en la República Dominicana, un enfoque psicosocial -- _gCapítulo 2 _tOrígenes de la migración en la Republica Dominicana -- _gCapítulo 3 _tConsecuencias de las devastaciones -- _gCapítulo 4 _tSituación actual de la migración en la República Dominicana -- _gCapítulo 5 _tEl estado frente a la problemática migratoria en la República Dominicana -- _gCapítulo 6 _tMigración y globalización -- _gCapítulo 7 _tMigración, globalización y las organizaciones -- _gCapítulo 8 _tResúmenes de leyes dominicana sobre migración -- _tConclusión _tRecomendaciones _tÁrbol de representación (A.R.E.) sobre migración _tMapa conceptual sobre migración. |
|
| 590 | _aInventariado, 2018/VM | ||
| 650 | 4 |
_aMigración interna _zRepública Dominicana _xAspectos psicológicos _964540 |
|
| 650 | 4 |
_aMigración interna _zRepública Dominicana _xAspectos sociales _964541 |
|
| 830 | 0 |
_aEstudios sociales _n17 _pPublicaciones de la Universidad Autónoma de Santo Domingo _n1239 _964542 |
|
| 910 | _aValidado. Control de calidad. MFF | ||
| 942 |
_2ddc _cLBS1 |
||
| 999 |
_c37660 _d37660 |
||